Vincenzo la rosa (1941-2014) : un archeologo tra Sicilia e Egeo /
This volume re-examines the scientific figure of Vincenzo La Rosa, professor of Aegean Civilisations at the University of Catania, exploring his contributions to our knowledge of the prehistory of Crete, Sicily and the Aegean, and to the application of a long-term perspective linking the ancient and...
مؤلفون آخرون: ,
التنسيق: كتاب الكتروني
اللغة: Italian
منشور في:
Oxford :
Archaeopress Publishing Ltd,
2021.
سلاسل:
Praehistorica Mediterranea ;
volume 9.
الموضوعات:
الوصول للمادة أونلاين: Login to view Source
الوسوم: إضافة وسم
رقم الطلب: DF220
| LEADER | 02053nam a2200457 i 4500 | ||
|---|---|---|---|
| 001 | EDZ0002576528 | ||
| 003 | StDuBDS | ||
| 005 | 20230412183002.0 | ||
| 006 | m|||||o||d|||||||| | ||
| 007 | cr ||||||||||| | ||
| 008 | 210511s2021 enka fob 000|0|ita|d | ||
| 020 | |a 9781789698183 (PDF ebook) : |c No price | ||
| 040 | |a StDuBDS |b eng |c StDuBDS |e rda |e pn | ||
| 050 | 4 | |a DF220 | |
| 082 | 0 | 4 | |a 930.1092 |2 23 |
| 245 | 0 | 0 | |a Vincenzo la rosa (1941-2014) : |b un archeologo tra Sicilia e Egeo / |c Lucia Arcifa, Pietro Militello (eds). |
| 264 | 1 | |a Oxford : |b Archaeopress Publishing Ltd, |c 2021. | |
| 300 | |a 1 online resource (172 pages) : |b illustrations. | ||
| 336 | |a text |2 rdacontent | ||
| 336 | |a still image |2 rdacontent | ||
| 337 | |a computer |2 rdamedia | ||
| 338 | |a online resource |2 rdacarrier | ||
| 490 | 1 | |a Praehistorica Mediterranea ; |v volume 9 | |
| 500 | |a Also issued in print: 2021. | ||
| 504 | |a Includes bibliographical references. | ||
| 520 | 8 | |a This volume re-examines the scientific figure of Vincenzo La Rosa, professor of Aegean Civilisations at the University of Catania, exploring his contributions to our knowledge of the prehistory of Crete, Sicily and the Aegean, and to the application of a long-term perspective linking the ancient and modern worlds. | |
| 521 | |a Specialized. | ||
| 588 | |a Description based on online resource; title from PDF title page (viewed on July 16, 2021). | ||
| 600 | 1 | 0 | |a La Rosa, Vincenzo. |
| 650 | 0 | |a Civilization, Aegean. | |
| 651 | 0 | |a Crete (Greece) |x Civilization. | |
| 651 | 0 | |a Greece |x Civilization |y To 146 B.C. | |
| 651 | 0 | |a Sicily (Italy) |x Civilization. | |
| 700 | 1 | |a Arcifa, Lucia, |e editor. | |
| 700 | 1 | |a Militello, Pietro, |e editor. | |
| 776 | 0 | 8 | |i Print version : |z 9781789698176 |
| 830 | 0 | |a Praehistorica Mediterranea ; |v volume 9. | |
| 856 | 4 | 0 | |3 Archaeopress |u http://library.arce.org:8087/Archaeopress/Products/9781789698176 |
| 942 | |2 lcc |c EBOOK | ||
| 952 | |0 0 |1 0 |4 0 |6 DF0220 |7 1 |9 46780 |a ARCH |b ARCH |d 2023-04-12 |l 0 |o DF220 |r 2023-04-12 00:00:00 |w 2023-04-12 |y EBOOK | ||
| 999 | |c 52438 |d 52438 | ||
